Trojrozmerné ochranné známky a prieskum ich zápisnej spôsobilosti

Problematika prieskumu priestorových (trojrozmerných, trojdimenziálnych) ochranných známok na základe zákona č. 55/1997 Z.z. o ochranných známkach.

Na minha lista:
Detalhes bibliográficos
Autor principal: Belička, Ivan
Formato: Capítulo de Livro
Idioma:eslovaco
Assuntos:
Tags: Adicionar Tag
Sem tags, seja o primeiro a adicionar uma tag!

MARC

LEADER 00000naa a2200000 4500
001 r048589
005 20230529124325.1
041 0 |a slo 
044 |a SK 
245 1 0 |a Trojrozmerné ochranné známky a prieskum ich zápisnej spôsobilosti  |c Ivan Belička 
520 |a Problematika prieskumu priestorových (trojrozmerných, trojdimenziálnych) ochranných známok na základe zákona č. 55/1997 Z.z. o ochranných známkach. 
610 2 0 |a známky ochranné 
610 2 0 |a zákony 
610 2 0 |a Slovensko 
100 1 |a Belička, Ivan